| 000 | 00697nam a22002177a 4500 | ||
|---|---|---|---|
| 005 | 20170124110027.0 | ||
| 010 | _aA-782301 | ||
| 020 | _c00.00 | ||
| 035 | _aA-782301 | ||
| 037 | _bCen Lib/Ret | ||
| 040 |
_aDPL _bEN |
||
| 082 |
_a613.2 _bTIW |
||
| 100 |
_aTiwari, Maya _920886 |
||
| 245 |
_aAyurveda a life of balance : _cby MayaTiwari _bthe complete guide to ayurvedic nutrition and body types with recipes / |
||
| 260 |
_aU.S.A _bInner Traditions India _c1995 |
||
| 270 |
_aOne Park Steert, Rochester, Vermont _bUSA |
||
| 300 |
_axiii,353p. : _c28cm(Hb) _bill. |
||
| 650 |
_aMedicine, Ayurvedic _920887 |
||
| 650 |
_aNutrition _99307 |
||
| 942 |
_2ddc _cEN _h613..2 _mTIW |
||
| 999 |
_c127573 _d127573 |
||